00718 a2200181 4500020001800000040001300018100002000031245016800051250001100219260003500230300001100265490003000276600001900306700002700325942002500352999001500377952014400392 a0-393-95552-4 aDLCbDLC1 aConrad, Joseph,00aHeart of darkness: an authoritative text, backgrounds and sources,criticism ban authoritative text, backgrounds and sources,criticism cedited by Robert Kimbrough a3. ed. aNew York :bNorton,ccop. 1988 a418 s.0 aA Norton critical edition14aConrad, Joseph1 aKimbrough, Robert4oth cBKk823.912 KIM2ddc c5140d5140 001040708NFICaCLbCLcGENd2005-08-16eAllied Book Companyg479.99l5o823.912 KIMpSEECS006291r2026-01-02s2025-12-02w2017-01-05yBK